000 004430000a22001690004500
003 MACL
005 20151218135300.0
008 151218b xxu||||| |||| 00| 0 eng d
040 _aMACL
_cMACL
041 _aEnglish
082 _a050/ELI
100 _aEliot, Charles W
_921135
245 _aFolk Lore and Fable
_bHarvard Classics Vol 17
260 _bP F Collier & Son
_c1956
650 _aSerial Publication
_9330
942 _cBK
_k050/ELI
_2ddc
999 _c40615
_d40615